Campeonato Brasileiro de Futebol 2015 - Statistics

Estatísticas Gerais
  • Esse quiz foi jogado 1 064 vezes
  • A pontuação média é 17 de 20
Estatísticas das Respostas
Hint Resposta % Correto
Corinthians
97%
Flamengo
97%
Palmeiras
97%
São Paulo
97%
Santos
96%
Vasco da Gama
96%
Atlético Mineiro
95%
Fluminense
95%
Cruzeiro
94%
Grêmio
94%
Internacional
93%
Atlético Paranaense
85%
Coritiba
84%
Sport
81%
Goiás
76%
Avaí
75%
Chapecoense
74%
Ponte Preta
69%
Figueirense
68%
Joinville
62%
Nenhum quiz correspondente encontrado
Distribuição das Pontuações
Porcentagem de Pessoas com Cada Pontuação
Percentil de Números Respondidos
Sua Pontuação Histórica
Você não jogou esse quiz